| 000 | 01099nam a2200265Ia 4500 | ||
|---|---|---|---|
| 003 | OSt | ||
| 005 | 20220918110924.0 | ||
| 006 | a|||||r|||| 00| 0 | ||
| 007 | ta | ||
| 008 | 220915b |||||||| |||| 00| 0 hin d | ||
| 020 |
_a8177140973 (hbk) _c4760 |
||
| 024 | _a259476 | ||
| 037 |
_b376, 11/02/2011, Swaraj Prakashan _cReference Collections |
||
| 040 |
_aARTS _cARTS _bhin |
||
| 041 |
_2hin _ahin |
||
| 082 | _aV2:51xM99, 152P3;Q0.1-.6(RR) | ||
| 100 |
_aशर्मा, राघव शरण, संपा. _910214 |
||
| 245 | 0 | _aस्वामी सहजानन्द सरस्वती रचनावली | |
| 246 | _aSvāmī sahajānanda sarasvatī rachanāvalī | ||
| 260 |
_aनई दिल्ली _bप्रकाशन संस्थान भारत _c2010 |
||
| 490 | _vखंड 1 | ||
| 650 | _aहिन्दी साहित्य | ||
| 942 |
_hV2:51xM99, 152P3;Q0.1-.6(RR) _cREF |
||
| 999 |
_c115761 _d115761 |
||